000
00391nam a22001697a 4500
003
MPLRDC
005
20220104114251.0
008
210129b ||||| |||| 00| 0 eng d
020
_a
962-15-0227-6
082
_a
424.2 LLL
100
_a
梁荔玲
245
_a
上班一族化妆入门
_c
260
_a
_b
得利书局
_c
1992
300
_b
平
650
_a
化妆
942
_c
BK
_o
424.2 LLL
999
_c
6156
_d
6146